Countries That End With The Letter R - Statistics

General Stats
  • This quiz has been taken 65 times
    43 since last reset
  • The average score is 3 of 6
Answer Stats
Country % Correct
Ecuador
73%
Niger
58%
El Salvador
48%
Qatar
48%
Myanmar
45%
Madagascar
42%
No matching quizzes found
Score Distribution
Percent of People with Each Score
Percentile by Number Answered
Your Score History
You have not taken this quiz since the last reset